000 00801nam a2200205Ii 4500
003 JO-AjNU
008 230605s9999||||xx |||||||||||||| ||und||
040 _aJO-AjNU
_bara
_erda
_cJO-AjNU
041 _aara
050 1 4 _aBP170.A2852 1991
100 3 _aأبو شهبة، محمد بن محمد,
_eauthor
_956391
245 0 0 _aدفاع عن السنة ورد شبه المستشرقين والكتاب المعاصرين وبيان الشبه الواردة على السنة قديما وحديثا وردها ردا علميا صحيحا
250 _aط1
264 3 1 _aبيروت: دار الجيل، 1991
300 _a510ص
336 _atext
_btxt
_2rdacontent
337 _aunmediated
_bn
_2rdamedia
338 _avolume
_bnc
_2rdacarrier
650 4 _aالحديث- دفع مطاعن
_956392
999 _aA25208
_c28776
_d28776